000 00472cam a2200193ua 4500
001 9849
008 160910n ii |||gr||||Z||||||asm
040 _cMAIN
041 _aasm
082 _a410
100 _aPathak, Ramesh,
_eAuthor.
245 _aBhasha bigyanar bhumika
_cBy Ramesh Pathak
250 _a9th rev. & enl. ed.
260 _aGuwahati:
_bAshok book stall,
_c2014.
300 _a255p.
653 _aLinguistics
653 _aAssamese language
942 _cBK
999 _c8859
_d8859